000 00693nam a2200241Ia 4500
003 OSt
005 20220923212606.0
006 a|||||r|||| 00| 0
007 ta
008 220922b |||||||| |||| 00| 0 hin d
024 _a154,321
037 _cTextual
040 _aARTS
_cARTS
_bhin
041 _2hin
_ahin
082 _aO152wN3, L3
100 _aनागर, अमृत लाल
_9157452
245 0 _aजिनके साथ जिया
246 _aJinake sāth jiyā
260 _c1973
650 _aहिन्दी साहित्य
_9156264
942 _hO152wN3, L3
_cTEXL
_2CC
999 _c309949
_d309949